000 00773cam2a220022900 4500
001 qce00426143
005 20190823084720.0
008 720428s1966 wiu b 000 1 eng
010 _a 66013798
035 _a(Sirsi) r11147
035 _a(QCAT)lss00207037
035 _a(UPRA)qce00426143
040 _dUPRA
050 0 _aPZ4.B7922
_bKal
100 1 _aBoye, Karin, 1900-1941.
_dBoye, Karin, 1900-1941.
_6A64926.1
245 1 0 _aKallocain /
_ctranslated from the Swedish by Gustaf Lannestock ; with an introd. by Richard B. Vowles.
260 _aMadison :
_bUniversity of Wisconsin Press,
_c1966.
490 0 _aNordic translation series
_6S19779.1
504 _aBibliography: p. xxiv-xxv.
949 _aPZ4.B7922
_wlcc
_i-2976
_mMAIN
_tBOOK
_lON-SHELF
004 11147
999 _c140702
_d140702